000 00256nam a2200109 a 4500
005 20140414132001.0
008 110212s19uu xx 00 eng d
050 _aTR
_bAr3 2006
100 _aKatz, Alan
245 _aAre you quite polite?.
999 _c113060
_d113060